Jesús, el Mesías de Dios : Una teología para unir conocimiento, afecto y vida / Josep María Rovira Belloso (Registro nro. 42588)
[ vista simple ]
| 000 -LÍDER | |
|---|---|
| Campo fijo de descripción fija | 010540000a22002050004500 |
| 020 ## - NÚMERO INTERNACIONAL NORMALIZADO PARA LIBROS | |
| Número Internacional Normalizado del libro | 84-301-1562-5 |
| 041 0# - CÓDIGO DE IDIOMA | |
| Código de idioma para texto/pista de sonido o título separado | |
| 082 04 - NÚMERO DE CLASIFICACIÓN DECIMAL DEWEY | |
| Número de clasificación | G 232 R875j |
| 001 - NÚMERO DE CONTROL | |
| Campo de control | 13631 |
| 100 1# - ASIENTO PRINCIPAL--NOMBRE PERSONAL | |
| Nombre personal | Rovira Belloso, Josep María (1926) |
| 245 10 - TÍTULO | |
| Título del Material | Jesús, el Mesías de Dios : Una teología para unir conocimiento, afecto y vida / Josep María Rovira Belloso |
| 260 ## - PUBLICACIÓN, DISTRIBUCIÓN, ETC. (PIE DE IMPRENTA) | |
| Lugar de publicación, distribución, etc. | Salamanca : Sígueme |
| 300 ## - DESCRIPCIÓN FÍSICA | |
| Extensión | 350 Pag |
| 336 ## - CONTENT TYPE | |
| Content type term | texto |
| Content type code | txt |
| Source | rdacontent |
| 337 ## - MEDIA TYPE | |
| Source | rdamedia |
| Media type term | sin mediación |
| Media type code | n |
| 338 ## - CARRIER TYPE | |
| Source | rdacarrier |
| Carrier type term | volumen |
| Carrier type code | nc |
| 505 00 - NOTA DE CONTENIDO | |
| Nota de contenido con formato preestablecido | - De una teología de Juan Bautista a una teología del bautismo - Sobre los evangelios de la infancia - Comienzo del evangelio de Marcos - El sermón de la montaña - Las parábolas - Sentencias de Jesús - La misión - Los milagros - La eucaristía y la fe según Pablo, Juan y Lucas - La pascua de Jesús: una lucha entre la vida y la muerte - La pascua de Jesús: narraciones y misterio de la resurrección - El retorno del Señor - Epílogo ¿Quién es Jesús de Nazaret? |
| 650 14 - ASIENTO SECUNDARIO DE MATERIA - TERMINO TEMÁTICO | |
| Término temático o nombre geográfico como elemento de entrada | JESUCRISTO |
| 942 ## - TIPO DE MATERIAL (KOHA) | |
| Tipo de Item KOHA | Libros General |
| Estado de Material | Estado de Perdido | Forma de Clasificación | Estado de Dañado | No para Préstamo | Colección | Tomo | Biblioteca de Origen | Biblioteca Permanente | Fecha de Adquisición | Total de Préstamos | Signatura Topográfica | Código de Barras | Última vez visto | Última vez Préstado | Ejemplar/Existencia | Fecha de Remplazo | Tipo de Material |
|---|---|---|---|---|---|---|---|---|---|---|---|---|---|---|---|---|---|
| Dewey Decimal Classification | Colección General | Biblioteca FUSBC | Biblioteca FUSBC | 10/03/2006 | 4 | G 232 R875j | 15667 | 06/04/2024 | 27/03/2024 | 1 | 26/01/2016 | Libros General |
